Financial Literacy and Psychological Disaster Preparedness: Applicability of Approach Based on Fuzzy Functional Dependencies

Potreba pripravenosti jednotlivca a domácnosti na zvládnutie kríz a katastrof. Vplyv finančnej gramotnosti na psychologickú pripravenosť na katastrofy pomocou fuzzy funkčných závislostí (FFDs). Finančná pripravenosť a jej pomoc pri dlhodobom riadení rizika katastrof a pri zmierňovaní psychologických...

ver descrição completa

Na minha lista:
Detalhes bibliográficos
Autor principal: Vučetić, Miljan
Outros Autores: Brokešová, Zuzana, 1985-, Hudec, Miroslav, 1969-, Pastoráková, Erika, 1972-
Formato: Capítulo de Livro
Idioma:inglês
Assuntos:
Tags: Adicionar Tag
Sem tags, seja o primeiro a adicionar uma tag!

MARC

LEADER 00000naa a2200000 4500
001 0281155
005 20260206100407.2
041 0 |a eng 
044 |a US 
245 1 0 |a Financial Literacy and Psychological Disaster Preparedness: Applicability of Approach Based on Fuzzy Functional Dependencies  |c Miljan Vučetić, Zuzana Brokešová, Miroslav Hudec, Erika Pastoráková 
520 |a Potreba pripravenosti jednotlivca a domácnosti na zvládnutie kríz a katastrof. Vplyv finančnej gramotnosti na psychologickú pripravenosť na katastrofy pomocou fuzzy funkčných závislostí (FFDs). Finančná pripravenosť a jej pomoc pri dlhodobom riadení rizika katastrof a pri zmierňovaní psychologických rizík súvisiacich s katastrofami. 
610 2 0 |a gramotnosť finančná 
610 2 0 |a emócie 
610 2 0 |a kríza 
610 2 0 |a dáta 
610 2 0 |a riadenie rizík 
610 2 0 |a správanie 
610 2 0 |a psychológia 
610 2 0 |a analýzy 
100 1 |a Vučetić, Miljan 
700 1 |a Brokešová, Zuzana, 1985- 
700 1 |a Hudec, Miroslav, 1969- 
700 1 |a Pastoráková, Erika, 1972-